| 000 | 00613nam a2200241Ia 4500 | ||
|---|---|---|---|
| 001 | 11360 | ||
| 003 | GE_BSU | ||
| 008 | 181216s||||||||xx |||||||||||||| ||und|| | ||
| 020 | _a9785468002018 | ||
| 040 | _cGE_BSU | ||
| 080 | _a1:32(430+44+460) | ||
| 100 | _aИсаев,И.А. | ||
| 245 | _aГосподство. | ||
| 245 | _bОчерки политической философии. | ||
| 245 | _cХуд:С.С.Водчиц. | ||
| 260 | _aМосква. | ||
| 260 | _bНорма. | ||
| 260 | _c2013. | ||
| 300 | _a352стр;17см. | ||
| 541 | _h18Л. | ||
| 653 | _aГосподство. | ||
| 942 | _cBK | ||
| 999 |
_c44557 _d44557 |
||